[Event "18. Obert Int. Sant Marti 2016"]
[Site "Barcelona ESP"]
[Date "2016.07.19"]
[Round "7.37"]
[White "Rueda Marquez, David J."]
[Black "Ivana Maria, Furtado"]
[Result "1-0"]
[WhiteElo "2066"]
[BlackElo "2188"]
[PlyCount "89"]
[EventDate "2016.07.13"]
[EventType "swiss"]
[EventRounds "9"]
[EventCountry "ESP"]
[SourceTitle "Ajedrez en Madrid"]
[Source "lmi"]
[SourceDate "2016.07.13"]
[SourceVersion "1"]
[SourceVersionDate "2019.06.21"]
[SourceQuality "1"]

1. e4 e6 2. d4 d5 3. Nc3 Nf6 4. e5 Nfd7 5. f4 c5 6. Nf3 Nc6 7. Be3 cxd4 8. Nxd4
Bc5 9. Qd2 O-O 10. g3 Nxd4 11. Bxd4 b6 12. O-O-O Bb7 13. Bg2 Rc8 14. Ne2 b5 15.
Kb1 Nb6 16. b3 Qe7 17. Rhf1 a5 18. Qxa5 Ra8 19. Qxb5 Bxd4 20. Rxd4 Qa3 21. Nc1
Nc4 22. bxc4 Ba6 23. Qb2 Rab8 24. Nb3 Qe7 25. cxd5 Bxf1 26. d6 Qd7 27. Bxf1 Qc6
28. c4 f6 29. Bg2 Qe8 30. exf6 gxf6 31. c5 Qh5 32. h3 e5 33. fxe5 fxe5 34. Rg4+
Kh8 35. Qc2 Rbd8 36. Rh4 Qf7 37. Be4 Qf1+ 38. Qc1 Rd7 39. Qxf1 Rxf1+ 40. Kb2
Rf2+ 41. Kc3 Rxa2 42. Rxh7+ Rxh7 43. Bxh7 Kg7 44. d7 Ra8 45. c6 1-0

[Event "18. Obert Int. Sant Marti 2016"]
[Site "Barcelona ESP"]
[Date "2016.07.19"]
[Round "7.38"]
[White "Gaikwad, Siddhant"]
[Black "Gautier, Anand"]
[Result "0-1"]
[WhiteElo "2003"]
[BlackElo "2186"]
[PlyCount "84"]
[EventDate "2016.07.13"]
[EventType "swiss"]
[EventRounds "9"]
[EventCountry "ESP"]
[SourceTitle "Ajedrez en Madrid"]
[Source "lmi"]
[SourceDate "2016.07.13"]
[SourceVersion "1"]
[SourceVersionDate "2019.06.21"]
[SourceQuality "1"]

1. e4 c5 2. Nf3 d6 3. d4 cxd4 4. Nxd4 Nf6 5. Nc3 a6 6. Be3 e6 7. f3 b5 8. Qd2
Nbd7 9. g4 h6 10. O-O-O Bb7 11. h4 b4 12. Na4 Qa5 13. b3 Nc5 14. a3 Nxa4 15.
axb4 Qc7 16. bxa4 d5 17. e5 Nd7 18. f4 Nb6 19. Rh3 Nxa4 20. Bg1 Be7 21. f5 Rc8
22. fxe6 O-O 23. Rb3 Nc3 24. Bd3 Nxd1 25. Kxd1 Qxe5 26. Bh2 Qf6 27. Bf5 g6 28.
g5 hxg5 29. hxg5 Qxg5 30. Qxg5 Bxg5 31. exf7+ Kxf7 32. Bg4 Bf6 33. Rf3 Rc4 34.
c3 Bc8 35. Bxc8 Rcxc8 36. Bd6 Rfe8 37. Bc5 Re4 38. Ne2 Kg7 39. Nf4 Rxf4 40.
Rxf4 Bxc3 41. Rf3 d4 42. Ke2 a5 0-1

[Event "18. Obert Int. Sant Marti 2016"]
[Site "Barcelona ESP"]
[Date "2016.07.19"]
[Round "7.39"]
[White "Kunal, Kakumanu"]
[Black "Parnali, S Dharia"]
[Result "0-1"]
[WhiteElo "1903"]
[BlackElo "2161"]
[PlyCount "64"]
[EventDate "2016.07.13"]
[EventType "swiss"]
[EventRounds "9"]
[EventCountry "ESP"]
[SourceTitle "Ajedrez en Madrid"]
[Source "lmi"]
[SourceDate "2016.07.13"]
[SourceVersion "1"]
[SourceVersionDate "2019.06.21"]
[SourceQuality "1"]

1. e4 e6 2. d4 d5 3. Nd2 Nf6 4. e5 Nfd7 5. Bd3 c5 6. c3 Nc6 7. Ne2 cxd4 8. cxd4
f6 9. exf6 Nxf6 10. O-O Bd6 11. Nf3 Qc7 12. Bg5 O-O 13. Bh4 Bd7 14. Bg3 Nh5 15.
Bxd6 Qxd6 16. Ng3 Nf4 17. Bb5 Qb4 18. Bxc6 Bxc6 19. Qd2 Qxd2 20. Nxd2 Bb5 21.
Rfe1 Nd3 22. Re3 Rac8 23. b4 Rc2 24. Nf3 Nxf2 25. Rxe6 Nh3+ 26. gxh3 Rxf3 27.
a4 Bd7 28. Re7 Bxh3 29. Rae1 h6 30. Rxb7 Rff2 31. Ne2 Rcxe2 32. Rxe2 Rf1# 0-1

[Event "18. Obert Int. Sant Marti 2016"]
[Site "Barcelona ESP"]
[Date "2016.07.19"]
[Round "7.40"]
[White "Gavrish, Leonid"]
[Black "Ojas, Kulkarni"]
[Result "0-1"]
[WhiteElo "2158"]
[BlackElo "2006"]
[PlyCount "70"]
[EventDate "2016.07.13"]
[EventType "swiss"]
[EventRounds "9"]
[EventCountry "ESP"]
[SourceTitle "Ajedrez en Madrid"]
[Source "lmi"]
[SourceDate "2016.07.13"]
[SourceVersion "1"]
[SourceVersionDate "2019.06.21"]
[SourceQuality "1"]

1. d4 Nf6 2. c4 g6 3. Nc3 d5 4. cxd5 Nxd5 5. e4 Nxc3 6. bxc3 Bg7 7. Nf3 c5 8.
Be3 Qa5 9. Qd2 O-O 10. Rc1 Rd8 11. d5 e6 12. c4 Qxd2+ 13. Nxd2 Na6 14. Nb3 b6
15. Be2 Nb4 16. a3 Na2 17. Rc2 Nc3 18. Bd3 Ba6 19. Nc1 f5 20. exf5 exd5 21.
fxg6 dxc4 22. gxh7+ Kh8 23. Be2 Nxe2 24. Nxe2 Rd3 25. a4 Ra3 26. O-O c3 27. Rd1
Bc4 28. Nc1 Ra1 29. Rd7 Re8 30. g4 Bb3 31. Rxg7 Bxc2 32. Rxa7 Rxe3 33. fxe3
Rxc1+ 34. Kf2 Be4 35. a5 c2 0-1

[Event "18. Obert Int. Sant Marti 2016"]
[Site "Barcelona ESP"]
[Date "2016.07.19"]
[Round "7.41"]
[White "Garcia Trobat, Francisco"]
[Black "Perez Garcia, Adria"]
[Result "1-0"]
[WhiteElo "2269"]
[BlackElo "1984"]
[PlyCount "87"]
[EventDate "2016.07.13"]
[EventType "swiss"]
[EventRounds "9"]
[EventCountry "ESP"]
[SourceTitle "Ajedrez en Madrid"]
[Source "lmi"]
[SourceDate "2016.07.13"]
[SourceVersion "1"]
[SourceVersionDate "2019.06.21"]
[SourceQuality "1"]

1. d4 d5 2. c4 c6 3. Nf3 Nf6 4. Nc3 dxc4 5. g3 e6 6. Bg2 Be7 7. Ne5 O-O 8. O-O
a6 9. Nxc4 b5 10. Ne5 Bb7 11. a4 Qc8 12. Qb3 b4 13. Ne4 c5 14. Nxc5 Bxg2 15.
Kxg2 Bxc5 16. dxc5 Qxc5 17. Qf3 Qd5 18. Qxd5 Nxd5 19. Bd2 f6 20. Nd3 a5 21.
Rfc1 Nd7 22. Rc6 Kf7 23. Rac1 N5b6 24. Be3 Nd5 25. Bd4 Rfd8 26. Rd6 Nf8 27.
Rcc6 Ne7 28. Rxd8 Rxd8 29. Rc4 Rc8 30. Rxc8 Nxc8 31. Nc5 Nd6 32. b3 Ke7 33. f4
Nd7 34. Nxd7 Kxd7 35. g4 Kc6 36. Kf3 Nb7 37. e4 Nc5 38. Bxc5 Kxc5 39. Ke3 g6
40. h3 h6 41. h4 h5 42. f5 exf5 43. exf5 Kd6 44. fxg6 1-0

[Event "18. Obert Int. Sant Marti 2016"]
[Site "Barcelona ESP"]
[Date "2016.07.19"]
[Round "7.42"]
[White "Bielecki, Pawel"]
[Black "Salagran Ferragut, Guillem"]
[Result "0-1"]
[WhiteElo "2023"]
[BlackElo "2196"]
[PlyCount "94"]
[EventDate "2016.07.13"]
[EventType "swiss"]
[EventRounds "9"]
[EventCountry "ESP"]
[SourceTitle "Ajedrez en Madrid"]
[Source "lmi"]
[SourceDate "2016.07.13"]
[SourceVersion "1"]
[SourceVersionDate "2019.06.21"]
[SourceQuality "1"]

1. e4 c5 2. Nf3 Nc6 3. d4 cxd4 4. Nxd4 e5 5. Nb5 d6 6. N1c3 a6 7. Na3 Be7 8.
Nc4 b5 9. Ne3 Nf6 10. Bd3 O-O 11. O-O Be6 12. a4 b4 13. Ncd5 Bxd5 14. Nxd5 Nxd5
15. exd5 Nb8 16. a5 Nd7 17. Be3 f5 18. f3 Kh8 19. Qe2 Qc8 20. Rfd1 Bd8 21. Bc4
Qb7 22. b3 Bc7 23. Ra4 Bb8 24. Kh1 Nf6 25. Qe1 Ba7 26. Rxb4 Qc7 27. Bxa7 Rxa7
28. Rb6 e4 29. Rc6 Qf7 30. Rxd6 exf3 31. gxf3 Qh5 32. Qf1 Raf7 33. Be2 Qh4 34.
Rc6 Nh5 35. Qe1 Qh3 36. d6 f4 37. Qf2 Rf5 38. Bf1 Ng3+ 39. Kg1 Qh4 40. hxg3
fxg3 41. Qg2 Rxf3 42. Rc4 Qh6 43. Be2 Qe3+ 44. Kh1 Rf2 45. Bf1 Rxg2 46. Kxg2
Qf3+ 47. Kh3 g2+ 0-1

[Event "18. Obert Int. Sant Marti 2016"]
[Site "Barcelona ESP"]
[Date "2016.07.19"]
[Round "7.43"]
[White "Rendboe, John"]
[Black "Suasnabar, Jesus"]
[Result "1-0"]
[WhiteElo "2183"]
[BlackElo "1982"]
[PlyCount "99"]
[EventDate "2016.07.13"]
[EventType "swiss"]
[EventRounds "9"]
[EventCountry "ESP"]
[SourceTitle "Ajedrez en Madrid"]
[Source "lmi"]
[SourceDate "2016.07.13"]
[SourceVersion "1"]
[SourceVersionDate "2019.06.21"]
[SourceQuality "1"]

1. d4 a6 2. c4 e6 3. Nc3 c5 4. Nf3 cxd4 5. Nxd4 Qc7 6. e4 Nf6 7. Be3 b6 8. Be2
Bb7 9. Qc2 Be7 10. O-O d6 11. Rac1 Nbd7 12. b3 O-O 13. f3 Rac8 14. Qd2 Qb8 15.
Bd3 Rfe8 16. Qf2 d5 17. cxd5 exd5 18. Nxd5 Bxd5 19. exd5 Nxd5 20. Rxc8 Qxc8 21.
Rc1 Bc5 22. Bd2 Ne5 23. Be4 Nf6 24. Bb1 Neg4 25. fxg4 Nxg4 26. Qf4 Qd7 27. Rxc5
bxc5 28. Nf3 Nf6 29. h3 h6 30. Qf5 Qxf5 31. Bxf5 Ne4 32. Bxe4 Rxe4 33. Kf2 c4
34. b4 c3 35. Bxc3 Rc4 36. Bd2 a5 37. bxa5 Ra4 38. Ke3 Kf8 39. Kd3 f5 40. Nd4
g6 41. Bxh6+ Kf7 42. Bd2 Kf6 43. a3 Rxa3+ 44. Kc4 f4 45. Nb3 Ke6 46. Kb4 Ra2
47. g3 Rb2 48. h4 Rc2 49. Bc3 Re2 50. Nd4+ 1-0

[Event "18. Obert Int. Sant Marti 2016"]
[Site "Barcelona ESP"]
[Date "2016.07.19"]
[Round "7.44"]
[White "Rojas Fernandez, Andres"]
[Black "Villar Reymundo, Juan Antonio"]
[Result "0-1"]
[WhiteElo "2009"]
[BlackElo "2165"]
[PlyCount "68"]
[EventDate "2016.07.13"]
[EventType "swiss"]
[EventRounds "9"]
[EventCountry "ESP"]
[SourceTitle "Ajedrez en Madrid"]
[Source "lmi"]
[SourceDate "2016.07.13"]
[SourceVersion "1"]
[SourceVersionDate "2019.06.21"]
[SourceQuality "1"]

1. e4 c5 2. Nc3 Nc6 3. g3 g6 4. Bg2 Bg7 5. d3 d6 6. Be3 Nh6 7. h3 f5 8. Qd2 Nf7
9. f4 O-O 10. Nf3 Nd4 11. O-O Rb8 12. Rae1 b5 13. Nh4 b4 14. Nd1 e6 15. c3 bxc3
16. bxc3 Nb5 17. a4 Nc7 18. Nf3 Ba6 19. Rf2 Qd7 20. exf5 exf5 21. d4 c4 22. Qa2
Bb7 23. Bc1 Nd5 24. Ng5 Nxg5 25. fxg5 Qc7 26. Rb2 Nxc3 27. Nxc3 Bxd4+ 28. Kh2
Bxc3 29. Rxb7 Rxb7 30. Bxb7 Bxe1 31. Bd5+ Kh8 32. Bxc4 Bc3 33. Ba3 Be1 34. Bd5
Qc3 0-1

[Event "18. Obert Int. Sant Marti 2016"]
[Site "Barcelona ESP"]
[Date "2016.07.19"]
[Round "7.45"]
[White "Castrillo Mansego, Pablo"]
[Black "Valls Marti, Artur"]
[Result "1-0"]
[WhiteElo "2003"]
[BlackElo "2133"]
[PlyCount "105"]
[EventDate "2016.07.13"]
[EventType "swiss"]
[EventRounds "9"]
[EventCountry "ESP"]
[SourceTitle "Ajedrez en Madrid"]
[Source "lmi"]
[SourceDate "2016.07.13"]
[SourceVersion "1"]
[SourceVersionDate "2019.06.21"]
[SourceQuality "1"]

1. e4 c5 2. Nc3 g6 3. f4 Bg7 4. Nf3 Nc6 5. Bc4 a6 6. a4 e6 7. d3 Nge7 8. Qe2
O-O 9. h4 d5 10. Bb3 c4 11. dxc4 Bxc3+ 12. bxc3 dxe4 13. Ng5 Nf5 14. Kf2 e5 15.
h5 Qb6+ 16. c5 Qxc5+ 17. Be3 Qxe3+ 18. Qxe3 Nxe3 19. Kxe3 exf4+ 20. Kxf4 Kg7
21. h6+ Kg8 22. Raf1 Bd7 23. Nxe4 Kh8 24. Nc5 Bc8 25. Kg5 b6 26. Rf6 bxc5 27.
Rxc6 Bb7 28. Rxc5 Bxg2 29. Re1 Ra7 30. Re2 Bh3 31. Rf2 Bf5 32. Rc6 a5 33. Rd2
Kg8 34. Rdd6 Rfa8 35. Kf6 Kf8 36. c4 Be4 37. Rb6 Rc7 38. Rb5 Bb7 39. Rdb6 Bc8
40. Re5 Be6 41. c5 Bxb3 42. cxb3 Rac8 43. Rd6 Rc6 44. Re7 Rxc5 45. Rxf7+ Kg8
46. Rg7+ Kh8 47. Rdd7 R8c6+ 48. Ke7 Rc8 49. Ke6 R8c6+ 50. Kf7 Rf5+ 51. Ke7 Rc8
52. Kd6 Rf6+ 53. Kd5 1-0

[Event "18. Obert Int. Sant Marti 2016"]
[Site "Barcelona ESP"]
[Date "2016.07.19"]
[Round "7.46"]
[White "Mulay, Pratik"]
[Black "Garcia Marin, Guillem"]
[Result "1-0"]
[WhiteElo "1983"]
[BlackElo "2116"]
[PlyCount "135"]
[EventDate "2016.07.13"]
[EventType "swiss"]
[EventRounds "9"]
[EventCountry "ESP"]
[SourceTitle "Ajedrez en Madrid"]
[Source "lmi"]
[SourceDate "2016.07.13"]
[SourceVersion "1"]
[SourceVersionDate "2019.06.21"]
[SourceQuality "1"]

1. e4 d6 2. d4 Nf6 3. Nc3 c6 4. f4 Qa5 5. Bd3 e5 6. Nf3 exd4 7. Nxd4 g6 8. O-O
Bg7 9. Kh1 O-O 10. f5 Nbd7 11. Qe1 Re8 12. Qh4 Ne5 13. Bg5 Nfg4 14. Be2 h6 15.
Bd2 g5 16. Qg3 Nf6 17. Nf3 Nxf3 18. Bxf3 Qe5 19. Qxe5 dxe5 20. g4 b6 21. h4 Nh7
22. Kg2 Ba6 23. Rh1 Rad8 24. Be3 Rd6 25. a4 Rd7 26. a5 b5 27. hxg5 Nxg5 28.
Rad1 Red8 29. Rxd7 Rxd7 30. Rd1 Rc7 31. Rd8+ Kh7 32. Ra8 b4 33. Na4 Bb5 34. Nc5
Bc4 35. Rb8 Bb5 36. a6 Bf6 37. Rb7 Bd8 38. Bd2 Rc8 39. Bxb4 Bb6 40. Ne6 Kg8 41.
Nxg5 hxg5 42. Re7 Bxa6 43. f6 Bd4 44. c3 Be3 45. Bd1 Bc4 46. Kf3 Bf4 47. Rxa7
Rd8 48. Be2 Bxe2+ 49. Kxe2 Rd2+ 50. Kf3 Rd3+ 51. Kf2 Rd2+ 52. Ke1 Rxb2 53. Ra8+
Kh7 54. Rf8 Kg6 55. Be7 Bd2+ 56. Kf1 Bxc3 57. Rg8+ Kh6 58. Bf8+ Kh7 59. Rxg5
Bb4 60. Rg7+ Kh8 61. Be7 c5 62. Rxf7 c4 63. g5 Kg8 64. Rg7+ Kh8 65. g6 Bxe7 66.
Rxe7 Rb8 67. Rh7+ Kg8 68. f7+ 1-0

[Event "18. Obert Int. Sant Marti 2016"]
[Site "Barcelona ESP"]
[Date "2016.07.19"]
[Round "7.47"]
[White "Magallanes, Gustavo"]
[Black "Martin Perez, Laura"]
[Result "0-1"]
[WhiteElo "1989"]
[BlackElo "2104"]
[PlyCount "142"]
[EventDate "2016.07.13"]
[EventType "swiss"]
[EventRounds "9"]
[EventCountry "ESP"]
[SourceTitle "Ajedrez en Madrid"]
[Source "lmi"]
[SourceDate "2016.07.13"]
[SourceVersion "1"]
[SourceVersionDate "2019.06.21"]
[SourceQuality "1"]

1. e4 c5 2. Nf3 d6 3. c3 Nf6 4. Bc4 Nc6 5. Qe2 e6 6. O-O Be7 7. d4 cxd4 8. cxd4
Nxe4 9. Bxe6 Bxe6 10. Qxe4 d5 11. Qd3 O-O 12. a3 Bf6 13. h3 Qb6 14. Rd1 h6 15.
Nc3 Rac8 16. b4 Nxd4 17. Nxd4 Qxd4 18. Qxd4 Bxd4 19. Rxd4 Rxc3 20. Be3 a6 21.
a4 Rfc8 22. b5 axb5 23. axb5 Rb3 24. b6 Rxb6 25. Rxd5 Rb3 26. Rd6 b5 27. Rb6
Rc2 28. Kh2 Bd5 29. Kg3 Rc4 30. Rd1 Be6 31. Rd8+ Kh7 32. Rdb8 b4 33. Kh2 Rb2
34. Kg3 Re4 35. Kh2 b3 36. Kg3 Rc2 37. Rb5 Rc3 38. Kh2 Ra4 39. R5b6 Rd3 40. Kg3
Ra2 41. Rb4 Bd5 42. h4 Rxe3+ 43. fxe3 Rxg2+ 44. Kh3 Rb2 45. e4 Be6+ 46. Kg3 Rb1
47. R8b6 Rg1+ 48. Kh2 Rg4 49. Rxe6 fxe6 50. Kh3 h5 51. Rxb3 Rxe4 52. Rb5 Kh6
53. Rg5 Re3+ 54. Kg2 g6 55. Ra5 Re4 56. Kh3 Kg7 57. Ra7+ Kf6 58. Ra6 Rg4 59.
Ra5 e5 60. Ra6+ Kf5 61. Ra8 e4 62. Re8 Kf4 63. Rf8+ Ke3 64. Re8 Kf3 65. Rf8+
Rf4 66. Rg8 Rf6 67. Ra8 e3 68. Ra3 Kf2 69. Ra1 e2 70. Rh1 e1=Q 71. Rg1 Rf3+ 0-1

[Event "18. Obert Int. Sant Marti 2016"]
[Site "Barcelona ESP"]
[Date "2016.07.19"]
[Round "7.48"]
[White "Noordhoek, Henk"]
[Black "Guix Torres, David"]
[Result "1-0"]
[WhiteElo "1976"]
[BlackElo "2052"]
[PlyCount "113"]
[EventDate "2016.07.13"]
[EventType "swiss"]
[EventRounds "9"]
[EventCountry "ESP"]
[SourceTitle "Ajedrez en Madrid"]
[Source "lmi"]
[SourceDate "2016.07.13"]
[SourceVersion "1"]
[SourceVersionDate "2019.06.21"]
[SourceQuality "1"]

1. Nf3 c5 2. g3 Nc6 3. Bg2 g6 4. d4 cxd4 5. Nxd4 Bg7 6. Nb3 Nf6 7. O-O O-O 8.
c4 d6 9. Nc3 Be6 10. Nd5 Ne5 11. Nd4 Nxd5 12. Nxe6 fxe6 13. cxd5 exd5 14. Qxd5+
Kh8 15. Qxb7 Rb8 16. Qxa7 Nc4 17. Rb1 Nxb2 18. Bg5 Qb6 19. Qxb6 Rxb6 20. Rfc1
e6 21. Bh3 d5 22. Rc2 Rfb8 23. Be3 Ra6 24. Bc1 Rab6 25. Bxb2 Bxb2 26. Bxe6 d4
27. Bb3 Bc3 28. Rd1 Rf8 29. e3 Rb4 30. Rd3 Ba1 31. a3 Rb7 32. exd4 Rfb8 33. Be6
Rb1+ 34. Kg2 Kg7 35. d5 Kf6 36. a4 R1b4 37. Ra2 Bd4 38. a5 Ke5 39. a6 Kd6 40.
Bg4 Bc5 41. Bf3 Rb2 42. Rd2 Rxd2 43. Rxd2 Ra8 44. Ra2 Ra7 45. Be4 Ke5 46. f3 h6
47. Bxg6 Kxd5 48. Be4+ Ke6 49. Bb7 Kf6 50. Rc2 Bd4 51. f4 Kg7 52. Kf3 Bb6 53.
Ke4 Bg1 54. Kf5 Bb6 55. Rc6 Ba5 56. g4 Bd2 57. Rc7+ 1-0

[Event "18. Obert Int. Sant Marti 2016"]
[Site "Barcelona ESP"]
[Date "2016.07.19"]
[Round "7.49"]
[White "Dardha, Daniel"]
[Black "Rakshitta, Ravi"]
[Result "1-0"]
[WhiteElo "2035"]
[BlackElo "1716"]
[PlyCount "123"]
[EventDate "2016.07.13"]
[EventType "swiss"]
[EventRounds "9"]
[EventCountry "ESP"]
[SourceTitle "Ajedrez en Madrid"]
[Source "lmi"]
[SourceDate "2016.07.13"]
[SourceVersion "1"]
[SourceVersionDate "2019.06.21"]
[SourceQuality "1"]

1. d4 Nf6 2. Bg5 e6 3. e4 h6 4. Bxf6 Qxf6 5. c3 d6 6. Bd3 Nd7 7. Ne2 g5 8. Nd2
Bg7 9. O-O e5 10. Nc4 Nb6 11. Nxb6 axb6 12. Ng3 Qg6 13. d5 Bd7 14. Qh5 Kf8 15.
Be2 Bf6 16. h3 Kg7 17. Bg4 Bxg4 18. hxg4 Ra4 19. Rfe1 Rha8 20. a3 Qxh5 21.
Nxh5+ Kg6 22. Re3 Bg7 23. Ng3 b5 24. Rd1 Rh8 25. Kf1 Raa8 26. Ke2 Ra4 27. Kd3
Bf8 28. Kc2 Bg7 29. f3 Raa8 30. Kb3 Ra4 31. Re2 Rc4 32. Ra1 Ra4 33. Rc2 Rc4 34.
Rh1 Ra8 35. Nf5 Rca4 36. Rhc1 Bf8 37. c4 bxc4+ 38. Rxc4 Rxc4 39. Rxc4 Rc8 40.
a4 h5 41. gxh5+ Kxh5 42. g4+ Kg6 43. a5 f6 44. Rb4 Rb8 45. Kc4 c5 46. Rb6 Ra8
47. Kb5 Ra7 48. Nxd6 Bxd6 49. Rxd6 Kf7 50. Rd7+ Ke8 51. Rc7 Kd8 52. Rxc5 Ra6
53. Rc1 Rd6 54. b4 Rd7 55. Kb6 Rh7 56. b5 Rg7 57. a6 bxa6 58. bxa6 Rd7 59. a7
Rd6+ 60. Rc6 Rxc6+ 61. Kxc6 Ke7 62. a8=Q 1-0

[Event "18. Obert Int. Sant Marti 2016"]
[Site "Barcelona ESP"]
[Date "2016.07.19"]
[Round "7.50"]
[White "Ginesta Caballero, Olga Lucia"]
[Black "Kakumanu, Kautil"]
[Result "0-1"]
[WhiteElo "2088"]
[BlackElo "1956"]
[PlyCount "110"]
[EventDate "2016.07.13"]
[EventType "swiss"]
[EventRounds "9"]
[EventCountry "ESP"]
[SourceTitle "Ajedrez en Madrid"]
[Source "lmi"]
[SourceDate "2016.07.13"]
[SourceVersion "1"]
[SourceVersionDate "2019.06.21"]
[SourceQuality "1"]

1. c4 c5 2. Nc3 g6 3. Nf3 Bg7 4. g3 Nc6 5. Bg2 d6 6. O-O Nh6 7. d3 O-O 8. Bd2
Qd7 9. Rb1 b6 10. a3 Bb7 11. b4 Nf5 12. e3 Rac8 13. Qe2 Rfd8 14. Rfd1 Ne5 15.
b5 Nxf3+ 16. Bxf3 e6 17. Bxb7 Qxb7 18. e4 Nd4 19. Qe3 Rc7 20. a4 f5 21. Ne2
fxe4 22. dxe4 Rf7 23. Nf4 Bh6 24. Qd3 Bg7 25. Be3 Qd7 26. Kg2 Rdf8 27. Rf1 Be5
28. Ne2 Nf3 29. Rbd1 g5 30. h3 Qd8 31. g4 Qf6 32. Ng3 Nh4+ 33. Kh2 Qf3 34. Rg1
h6 35. Rdf1 Qf6 36. Kh1 Qf3+ 37. Kh2 h5 38. gxh5 Kh8 39. Qd1 Qxd1 40. Rxd1 Nf3+
41. Kg2 Nxg1 42. Rxg1 Bf4 43. Rf1 Bxe3 44. fxe3 Rxf1 45. Nxf1 Kg7 46. Nd2 Kh6
47. Kg3 Kxh5 48. Nf3 a6 49. e5 dxe5 50. Nxe5 axb5 51. axb5 Rd8 52. Ng4 Rd3 53.
Nf6+ Kg6 54. h4 gxh4+ 55. Kxh4 Rc3 0-1

[Event "18. Obert Int. Sant Marti 2016"]
[Site "Barcelona ESP"]
[Date "2016.07.19"]
[Round "7.52"]
[White "Castillo Dalmau, Albert"]
[Black "Garcia Lopez, Nicolas"]
[Result "1/2-1/2"]
[WhiteElo "1998"]
[BlackElo "2069"]
[PlyCount "105"]
[EventDate "2016.07.13"]
[EventType "swiss"]
[EventRounds "9"]
[EventCountry "ESP"]
[SourceTitle "Ajedrez en Madrid"]
[Source "lmi"]
[SourceDate "2016.07.13"]
[SourceVersion "1"]
[SourceVersionDate "2019.06.21"]
[SourceQuality "1"]

1. c4 Nf6 2. g3 g6 3. Bg2 Bg7 4. Nc3 O-O 5. e4 d6 6. Nge2 Nc6 7. O-O e5 8. d3
a6 9. h3 Be6 10. Kh2 Nd7 11. Be3 h6 12. Qd2 Kh7 13. Nd5 Ne7 14. d4 f5 15. Nxe7
Qxe7 16. exf5 gxf5 17. Bxb7 Rab8 18. Bg2 Bxc4 19. Rfe1 Be6 20. b3 c5 21. dxe5
dxe5 22. Rac1 Rfc8 23. Qa5 Qd6 24. Red1 Qb6 25. Qxb6 Rxb6 26. Nc3 Bf8 27. Nd5
Rbb8 28. Bf1 Nb6 29. Nxb6 Rxb6 30. Bc4 Bxc4 31. Rxc4 Rd6 32. Rdc1 Rdc6 33. b4
Kg6 34. bxc5 Kf6 35. Rh4 Kg6 36. Kg2 h5 37. Rhc4 Kf6 38. Kf1 Be7 39. Ke2 Ke6
40. f3 Kd5 41. Kd3 Rg8 42. g4 hxg4 43. hxg4 f4 44. Bg1 Rh8 45. Ke2 Rh3 46. R4c3
Rg3 47. Rd1+ Ke6 48. Bf2 Rh3 49. Rb1 Rh2 50. Kf1 Bh4 51. Rb2 e4 52. fxe4 Bf6
53. e5 1/2-1/2

[Event "18. Obert Int. Sant Marti 2016"]
[Site "Barcelona ESP"]
[Date "2016.07.19"]
[Round "7.53"]
[White "Ferre Campos, Josep"]
[Black "Prieto, Ernesto"]
[Result "0-1"]
[WhiteElo "1970"]
[BlackElo "2064"]
[PlyCount "92"]
[EventDate "2016.07.13"]
[EventType "swiss"]
[EventRounds "9"]
[EventCountry "ESP"]
[SourceTitle "Ajedrez en Madrid"]
[Source "lmi"]
[SourceDate "2016.07.13"]
[SourceVersion "1"]
[SourceVersionDate "2019.06.21"]
[SourceQuality "1"]

1. d4 Nf6 2. Bg5 g6 3. c4 Bg7 4. Nc3 O-O 5. e4 d6 6. Qd2 c5 7. Nf3 cxd4 8. Nxd4
Nc6 9. Nc2 Qa5 10. f3 Be6 11. Nd5 Qxd2+ 12. Bxd2 Rac8 13. Bc3 Nd7 14. Bxg7 Kxg7
15. Be2 Bxd5 16. cxd5 Nce5 17. Kd2 Nc4+ 18. Bxc4 Rxc4 19. Ne3 Rb4 20. b3 f5 21.
exf5 gxf5 22. Rac1 f4 23. Nd1 Rd4+ 24. Ke2 Rf5 25. Re1 Rfxd5 26. Nc3 Re5+ 27.
Kf1 Rxe1+ 28. Kxe1 Nf8 29. Ke2 a6 30. Rb1 b5 31. b4 Nd7 32. Rb2 Nb6 33. Ke1 Nc4
34. Rb1 Ne3 35. Rb2 Rd3 36. Rb3 Nxg2+ 37. Ke2 Re3+ 38. Kf2 Nh4 39. Nd5 Rxb3 40.
axb3 e5 41. Nc7 Nf5 42. Nxa6 Nd4 43. Nc7 Kf7 44. Kg2 Ke7 45. Kf2 h6 46. Kg2 Kd7
0-1

[Event "18. Obert Int. Sant Marti 2016"]
[Site "Barcelona ESP"]
[Date "2016.07.19"]
[Round "7.54"]
[White "Vargas Drechsler, Carlos"]
[Black "Masferrer Niubo, Enric"]
[Result "0-1"]
[WhiteElo "1943"]
[BlackElo "2054"]
[PlyCount "116"]
[EventDate "2016.07.13"]
[EventType "swiss"]
[EventRounds "9"]
[EventCountry "ESP"]
[SourceTitle "Ajedrez en Madrid"]
[Source "lmi"]
[SourceDate "2016.07.13"]
[SourceVersion "1"]
[SourceVersionDate "2019.06.21"]
[SourceQuality "1"]

1. d4 Nf6 2. Nf3 b6 3. g3 Bb7 4. Bg2 g6 5. O-O Bg7 6. b3 c5 7. Bb2 cxd4 8. Nxd4
Bxg2 9. Kxg2 Nc6 10. Nd2 O-O 11. Nc4 Nxd4 12. Bxd4 Qc7 13. e3 Rac8 14. Rc1 Rfd8
15. Qf3 b5 16. Ne5 d6 17. Ng4 Nxg4 18. Bxg7 Nxh2 19. Kxh2 Kxg7 20. c4 Qa5 21.
Qe2 bxc4 22. bxc4 Rc5 23. Qb2+ f6 24. Qb7 Qc7 25. Qe4 Re5 26. Qf3 Rc8 27. Rfd1
Rf5 28. Qg2 Qc6 29. e4 Rc5 30. Rd4 Qa6 31. e5 Rxe5 32. Rh4 Rcc5 33. Rb1 Qc6 34.
Qh3 Rh5 35. Re1 Rxh4 36. gxh4 Re5 37. Rxe5 fxe5 38. Qe6 Qe8 39. Kg3 Qf7 40. Qd7
Qf4+ 41. Kg2 Kf6 42. Qc8 Qxh4 43. Qf8+ Ke6 44. Qg8+ Kd7 45. Qd5 Qd4 46. Qb7+
Ke8 47. Qc8+ Kf7 48. Qh8 Qe4+ 49. Kg1 g5 50. Qb8 Qg4+ 51. Kh2 h5 52. Qxa7 Qd4
53. Qa8 Qxf2+ 54. Kh1 g4 55. Qh8 Qf3+ 56. Kg1 g3 57. Qh7+ Ke8 58. Qg8+ Kd7 0-1

[Event "18. Obert Int. Sant Marti 2016"]
[Site "Barcelona ESP"]
[Date "2016.07.19"]
[Round "7.55"]
[White "Tahay, Romain"]
[Black "Likhit, Chilukuri"]
[Result "0-1"]
[WhiteElo "1942"]
[BlackElo "2030"]
[PlyCount "82"]
[EventDate "2016.07.13"]
[EventType "swiss"]
[EventRounds "9"]
[EventCountry "ESP"]
[SourceTitle "Ajedrez en Madrid"]
[Source "lmi"]
[SourceDate "2016.07.13"]
[SourceVersion "1"]
[SourceVersionDate "2019.06.21"]
[SourceQuality "1"]

1. d4 Nf6 2. c4 g6 3. Nc3 Bg7 4. e4 d6 5. f3 O-O 6. Bg5 c5 7. d5 e6 8. Qd2 h6
9. Be3 exd5 10. cxd5 Re8 11. Nge2 Nbd7 12. Ng3 h5 13. Bg5 a6 14. Be2 b5 15. a4
b4 16. Nd1 h4 17. Nf1 Ne5 18. Qf4 h3 19. g4 a5 20. Nd2 Ba6 21. Bxa6 Rxa6 22.
O-O c4 23. Nf2 c3 24. bxc3 bxc3 25. Nb1 Nxd5 26. Qxe5 Bxe5 27. Bxd8 Ne3 28. Rc1
c2 29. Na3 Bxa1 30. Rxa1 Rxd8 31. Nd3 Rc6 32. Kf2 Nd1+ 33. Ke2 Nb2 34. Nc1 Nxa4
35. Kd2 Rb8 36. Nb5 Rxb5 37. Rxa4 Rb4 38. Rxb4 axb4 39. Nd3 b3 40. Kc1 Rc3 41.
Ne1 b2+ 0-1